Multi-Category Fivesomes II Quiz Stats

 Plays Quiz Updated Aug 30, 2019

Score 0/75 Timer 08:00
16 Plays Today
% Correct
Atlantic
98.3%
Pacific
98.2%
Arctic
97.9%
Indian
97.5%
Posh
96.3%
Ginger
96.3%
Red
95.9%
Green
95.9%
Baby
95.7%
English
95.5%
Anger
95.5%
Enlist
95.5%
French
95.4%
Inlets
95.4%
Rangers
95.2%
Denial
95.2%
Depression
95.1%
Spanish
95.1%
Dutch
95.1%
Silent
95%
Acceptance
95%
Connecticut Avenue
95%
Listen
95%
Oriental Avenue
94.9%
Tinsel
94.8%
Sheldon Cooper
94.8%
Vermont Avenue
94.6%
Portuguese
94.5%
Orange
94.4%
Leonard Hofstadter
94.4%
Ant-Man
94.3%
Kesh
94.3%
Kangha
94.3%
Purple
94.3%
Oilers
94.2%
Kara
94.1%
Yellow
94.1%
Boardwalk
94.1%
% Correct
Iron Man
94%
Park Place
94%
Kings
93.9%
Sporty
93.9%
Howard Wolowitz
93.8%
Maids a Milking
93.7%
Rajesh Koothrappali
93.6%
Harry Potter
93.6%
Lords a Leaping
93.5%
Neville Longbottom
93.5%
Ron Weasley
93.4%
Scary
93.3%
Drummers Drumming
93.3%
Omaha
93.3%
Kirpan
93.2%
Ladies Dancing
93.1%
Hulk
93.1%
Thor
93.1%
The Brain
93%
The Athlete
92.9%
Seamus Finnigan
92.8%
Southern
92.8%
Kachera
92.4%
The Criminal
92.4%
Pipers Piping
92.2%
The Basket Case
91.7%
The Princess
91.5%
Bargaining
91.1%
Blues
90.7%
Utah
89.9%
Racers
89.6%
Juno
89%
Dean Thomas
88.5%
Wasp
87.1%
Penny
83.1%
Gold
82.1%
Sword
73.3%

You're not logged in!

Compare scores with friends on all Sporcle quizzes.
OR
Log In

Sporcle TV

Today on Sporcle TV


Watch our educational content, quiz creation guides, and fun videos on Sporcle TV.

Show Comments

Extras

Top Quizzes Today


Score Distribution

Your Account Isn't Verified!

In order to create a playlist on Sporcle, you need to verify the email address you used during registration. Go to your Sporcle Settings to finish the process.

Report this User

Report this user for behavior that violates our Community Guidelines.

Details: